| 000 | 00811cac a22002291u 4500 | ||
|---|---|---|---|
| 008 | 081106t2003 xxu||||| |||| 00| 0 eng d | ||
| 010 | _a2003002166 | ||
| 020 | _a0131016059 | ||
| 020 | _a9780131211926 | ||
| 082 | 0 | 0 |
_a004.21 _bVAL _222 |
| 100 |
_aValacich, Joseph S., _918009 |
||
| 245 | 1 | 0 |
_aEssentials of systems analysis and design / _cJoseph S. Valacich, Joey F. George, Jeffrey A. Hoffer. |
| 250 | _a2nd ed. | ||
| 260 |
_aUpper Saddle River, N.J. : _bPearson Prentice Hall, _c2004. |
||
| 300 |
_axxvii, 460 p. : _bcol. ill. ; _c28 cm. |
||
| 504 | _aIncludes bibliographical references (p. 443-446) and index. | ||
| 650 | 0 |
_aSystem design. _918010 |
|
| 650 | 0 |
_aSystem analysis. _918011 |
|
| 700 | 1 |
_aGeorge, Joey F. _918012 |
|
| 700 | 1 |
_aHoffer, Jeffrey A. _918013 |
|
| 942 |
_cBB _k004.21 VAL _2ddc |
||
| 999 |
_c643 _d643 |
||